00886naa a22001937i 45000010005000000030009000050050017000140080041000310400029000720410008001011000048001092450157001576550030003147000145003447110061004897730114005509420013006649990015006778785KOSZ 00520180306110201.0180305s2008 li ||||| ||||1|| 0 eng  cKOSZ 005/HRaKOSZ 005/HR0 aeng aJAGODA, Marcin.bPolitechnika Koszalińska10aEvaulation of accurancy of determining point position by use of active geodetic network-PL (ASG-PL) / cA. Jackiewicz, Marcin Jagoda, Czesław Suchocki. 0aMateriały konferencyjne.1 aSUCHOCKI, Czesław.d2004 - .bPolitechnika Koszalińska - Wydział Budownictwa i Inżynierii Środowiska,cKatedra Geodezji Gospodarczej22aEnvironmental Engineering n(7 ;d2008 ;cWilno, Litwa).0 iW :tThe 7th International Conference Environmental Engineering. Vol. 3. -dVilnius : “Technika”, 2008. - cROZ2UKD c8785d8785